000 00329nam a22001457a 4500
005 20161022151548.0
008 161022b xxu||||| |||| 00| 0 eng d
041 _aeng
100 _aKARMAKAR,H.N
_93626
245 _aONELINE METAL MINING
260 _bVERMA
300 _a132
650 _aMINING ENGINEERING
_93627
942 _cBK
999 _c5282
_d5280